| 000 | 00765cam a2200241 4500 | ||
|---|---|---|---|
| 001 | J62144 | ||
| 008 | 000000n2000 000 0 eng u | ||
| 020 | _a0117023388 | ||
| 035 | _a(Sirsi) u108590 | ||
| 050 | _a658.2 | ||
| 110 |
_aProperty Advisers to the Civil Estate _93610 |
||
| 245 | _aGC/Works/10 (2000) : facilities management : model forms and commentary. | ||
| 260 |
_aLondon _bStationery Office _c2000 |
||
| 300 | _a96p. ; 30cm. | ||
| 520 | _aFor General Conditions of Contract see 0117023388. Sold as a set with General Conditions | ||
| 650 |
_aContracts _96232 |
||
| 650 | _aFM SERVICES | ||
| 650 | _aFACILITIES MANAGEMENT CONTRACTS | ||
| 650 | _aGC/WORKS/10 | ||
| 650 | _aPACE | ||
| 690 | _aMANAGEMENT-FACILITIES MANAGEMENT | ||
| 942 | _n0 | ||
| 999 |
_c100833 _d100833 |
||